[Event "TOP 16"]
[Site "Guingamp FRA"]
[Date "2010.06.05"]
[Round "10"]
[White "Abergel, Thal"]
[Black "Brunner, Nicolas"]
[Result "1-0"]
[WhiteElo "2547"]
[BlackElo "2420"]
[PlyCount "75"]
[EventDate "2010.03.26"]
[EventType "team"]
[EventRounds "11"]
[EventCountry "FRA"]
[Source "Mark Crowther"]
[SourceDate "2010.06.07"]

1. e4 c5 2. Nc3 Nc6 3. Bb5 Nd4 4. Bc4 e6 5. Nf3 Nf6 6. O-O a6 7. d3 b5 8. Bb3
Nxb3 9. axb3 Bb7 10. e5 b4 11. Na4 Nd5 12. d4 cxd4 13. Qxd4 Qc7 14. c4 bxc3 15.
bxc3 Rc8 16. Rd1 Be7 17. Bg5 Bc5 18. Nxc5 Qxc5 19. c4 Qxd4 20. Nxd4 Ne7 21. Ra4
Ng6 22. Ra5 Nxe5 23. Rxe5 f6 24. Nf5 Rc7 25. Nd6+ Kf8 26. Nxb7 fxe5 27. Nd6 Rc6
28. b4 Rb6 29. b5 axb5 30. cxb5 Rb8 31. Be3 Ke7 32. b6 h6 33. b7 Rbd8 34. Bb6
Rb8 35. Bc7 Rbg8 36. Rc1 g6 37. Nc8+ Rxc8 38. Bd6+ 1-0

[Event "TOP 16"]
[Site "Guingamp FRA"]
[Date "2010.06.05"]
[Round "10"]
[White "Paci, Cedric"]
[Black "Georgiev, Vladimir"]
[Result "0-1"]
[WhiteElo "2345"]
[BlackElo "2575"]
[PlyCount "94"]
[EventDate "2010.03.26"]
[EventType "team"]
[EventRounds "11"]
[EventCountry "FRA"]
[Source "Mark Crowther"]
[SourceDate "2010.06.07"]

1. Nf3 Nf6 2. c4 d6 3. d4 g6 4. g3 Bg7 5. Bg2 O-O 6. O-O c6 7. Nc3 Qa5 8. h3
Be6 9. Nd2 Qa6 10. d5 cxd5 11. cxd5 Bd7 12. a4 Rc8 13. Nb3 Qb6 14. e4 Na6 15.
Be3 Qb4 16. Re1 Ne8 17. Bd2 Nc5 18. Ra3 Nd3 19. Nb5 Qc4 20. Bf1 Nxb2 21. Qf3
Bxb5 22. Bxc4 Nxc4 23. Ra2 Ne5 24. Qd1 Bd7 25. Kg2 Nd3 26. Re2 Nb2 27. Rxb2
Bxb2 28. Bg5 Bg7 29. Bxe7 Bxa4 30. Qb1 h6 31. f4 Rc3 32. Nd2 Rc7 33. Bh4 Bc2
34. Qb5 a5 35. g4 a4 36. Nb1 Bxb1 37. Qxb1 a3 38. e5 b5 39. Bg3 b4 40. exd6
Nxd6 41. f5 Rca7 42. Be5 a2 43. Qa1 Bxe5 44. Rxe5 b3 45. Re3 Rb7 46. fxg6 b2
47. gxf7+ Nxf7 0-1

[Event "TOP 16"]
[Site "Guingamp FRA"]
[Date "2010.06.05"]
[Round "10"]
[White "Bricard, Emmanuel"]
[Black "Philippe, Christophe"]
[Result "1/2-1/2"]
[WhiteElo "2488"]
[BlackElo "2428"]
[PlyCount "85"]
[EventDate "2010.03.26"]
[EventType "team"]
[EventRounds "11"]
[EventCountry "FRA"]
[Source "Mark Crowther"]
[SourceDate "2010.06.07"]

1. g3 e5 2. Bg2 Nc6 3. e4 g6 4. Nc3 Bg7 5. d3 d6 6. f4 Be6 7. Nf3 Qd7 8. O-O
Nge7 9. Be3 Nd4 10. Qd2 Nxf3+ 11. Rxf3 Nc6 12. Nd5 f5 13. c4 O-O 14. Re1 fxe4
15. dxe4 Rae8 16. b4 Nd4 17. Bxd4 exd4 18. f5 gxf5 19. exf5 Bxd5 20. cxd5 Bh6
21. Qd1 Rxe1+ 22. Qxe1 Re8 23. Qd1 Be3+ 24. Kh1 Qf7 25. f6 Re5 26. Rf1 Kf8 27.
Qd3 Qg6 28. Qb5 Rf5 29. Rd1 Qg4 30. Rf1 a6 31. Qd3 Rxf1+ 32. Qxf1 Kf7 33. Qd3
Kxf6 34. a4 Qf5 35. Qd1 Qf2 36. Be4 h6 37. Bd3 Bd2 38. Qg4 Be3 39. Qg6+ Ke7 40.
Qe6+ Kd8 41. Qg8+ Ke7 42. Qe6+ Kd8 43. Qg8+ 1/2-1/2

[Event "TOP 16"]
[Site "Guingamp FRA"]
[Date "2010.06.05"]
[Round "10"]
[White "Nezar, Mustapha"]
[Black "Riff, Jean Noel"]
[Result "1/2-1/2"]
[WhiteElo "2398"]
[BlackElo "2505"]
[PlyCount "78"]
[EventDate "2010.03.26"]
[EventType "team"]
[EventRounds "11"]
[EventCountry "FRA"]
[Source "Mark Crowther"]
[SourceDate "2010.06.07"]

1. e4 c5 2. Nf3 d6 3. d4 Nf6 4. Nc3 cxd4 5. Nxd4 e6 6. Be3 Be7 7. f3 Nc6 8. Qd2
O-O 9. g4 Nd7 10. O-O-O Nxd4 11. Qxd4 Ne5 12. Be2 Bd7 13. f4 Nc6 14. Qd2 Qa5
15. g5 Rfc8 16. Kb1 Rab8 17. Bg4 Bf8 18. h4 b5 19. h5 Nb4 20. Rh2 Nxc2 21. Qxc2
b4 22. Bd4 bxc3 23. b3 Qb4 24. h6 g6 25. Rh3 a5 26. Rxc3 a4 27. Rxc8 Rxc8 28.
Qd2 Qb7 29. Qd3 axb3 30. axb3 Bb5 31. Qe3 Bc4 32. Rc1 Bxb3 33. Rxc8 Ba4+ 34.
Bb2 Qxc8 35. Qd4 Bc2+ 36. Kc1 Bxe4+ 37. Bc3 e5 38. Bxc8 exd4 39. Bxd4 Bd5
1/2-1/2

[Event "TOP 16"]
[Site "Guingamp FRA"]
[Date "2010.06.05"]
[Round "10"]
[White "Wirig, Anthony"]
[Black "Genzling, Alain"]
[Result "1-0"]
[WhiteElo "2504"]
[BlackElo "2398"]
[PlyCount "93"]
[EventDate "2010.03.26"]
[EventType "team"]
[EventRounds "11"]
[EventCountry "FRA"]
[Source "Mark Crowther"]
[SourceDate "2010.06.07"]

1. c4 c5 2. g3 g6 3. Bg2 Bg7 4. Nc3 Nc6 5. a3 a5 6. Nf3 e5 7. d3 d6 8. Nd2 Nge7
9. Nf1 Rb8 10. Ne3 Nd4 11. Rb1 b5 12. Nxb5 Nxb5 13. cxb5 Rxb5 14. Bd2 O-O 15.
a4 Rb8 16. Nc4 d5 17. Bxa5 Qd7 18. Nb6 Qe6 19. Nxc8 Rfxc8 20. O-O f5 21. Bd2
Nc6 22. b3 e4 23. Be3 Bd4 24. Bxd4 cxd4 25. b4 Rxb4 26. Rxb4 Nxb4 27. dxe4 dxe4
28. Qxd4 Nc6 29. Qa1 Ne5 30. Rc1 Rxc1+ 31. Qxc1 Qb6 32. Bf1 Qa5 33. Qb2 Ng4 34.
h3 Ne5 35. Kg2 Qd5 36. Qb5 Qxb5 37. axb5 Nc4 38. e3 Nb6 39. g4 Kf7 40. gxf5
gxf5 41. Be2 Kf6 42. Kg3 Kg5 43. Bd1 Kf6 44. Bb3 h6 45. Kf4 Nd7 46. Bd5 h5 47.
h4 1-0

[Event "TOP 16"]
[Site "Guingamp FRA"]
[Date "2010.06.05"]
[Round "10"]
[White "Congiu, Mathilde"]
[Black "Netzer, Jacques"]
[Result "1-0"]
[WhiteElo "2175"]
[BlackElo "2215"]
[PlyCount "96"]
[EventDate "2010.03.26"]
[EventType "team"]
[EventRounds "11"]
[EventCountry "FRA"]
[Source "Mark Crowther"]
[SourceDate "2010.06.07"]

1. d4 d5 2. Nf3 Nf6 3. Bf4 e6 4. e3 Be7 5. Bd3 O-O 6. Nbd2 c5 7. c3 b6 8. Ne5
Bb7 9. Qf3 Nbd7 10. Qh3 g6 11. Qf3 Nxe5 12. dxe5 Nd7 13. h4 f6 14. Qh3 f5 15.
Nf3 d4 16. Bc4 Bxf3 17. Bxe6+ Kh8 18. Qxf3 dxc3 19. bxc3 Qc7 20. Qg3 Qc6 21.
Bxd7 Qxd7 22. Rd1 Qb5 23. Bg5 Rad8 24. Qf3 Rxd1+ 25. Qxd1 Rd8 26. Qc1 Bxg5 27.
hxg5 Qd3 28. f4 c4 29. a4 a6 30. Kf2 Qd2+ 31. Kf3 Qa2 32. Rd1 Rd3 33. Qb1 Qxa4
34. Rxd3 Qc6+ 35. Kf2 cxd3 36. Qxd3 Kg8 37. Qd8+ Kf7 38. Qf6+ Qxf6 39. gxf6 a5
40. Ke2 b5 41. Kd3 a4 42. Kc2 h6 43. Kb2 g5 44. fxg5 hxg5 45. Ka3 Ke6 46. c4
bxc4 47. Kxa4 c3 48. Kb3 Kxe5 1-0

[Event "TOP 16"]
[Site "Guingamp FRA"]
[Date "2010.06.05"]
[Round "10"]
[White "Richard, Emma"]
[Black "Steil Antoni, Fiona"]
[Result "1-0"]
[WhiteElo "2116"]
[BlackElo "2151"]
[PlyCount "87"]
[EventDate "2010.03.26"]
[EventType "team"]
[EventRounds "11"]
[EventCountry "FRA"]
[Source "Mark Crowther"]
[SourceDate "2010.06.07"]

1. e4 e5 2. Nf3 Nc6 3. Bb5 Nd4 4. Nxd4 exd4 5. Bc4 Nf6 6. e5 d5 7. Bb5+ Nd7 8.
O-O c6 9. Bd3 Be7 10. Re1 Nc5 11. Bf1 O-O 12. d3 f6 13. Bf4 fxe5 14. Bxe5 Bf6
15. Nd2 Bxe5 16. Rxe5 Qf6 17. Qe1 Qg6 18. h4 Ne6 19. Be2 Nf4 20. Bf3 h6 21. h5
Qf6 22. Re8 Bd7 23. Rxa8 Rxa8 24. Nf1 Re8 25. Qd2 Qg5 26. Re1 Nh3+ 27. Kh2 Rxe1
28. Qxe1 Qf4+ 29. Ng3 Ng5 30. Bd1 Ne6 31. Kg1 Qc1 32. Kf1 Qxb2 33. Bg4 Kf7 34.
Qd1 Nc5 35. Nf5 Bxf5 36. Bxf5 Na4 37. Qe1 Nc3 38. Qe6+ Kf8 39. Qd6+ Kg8 40.
Qd8+ Kf7 41. Qd7+ Kf8 42. Qc8+ Ke7 43. Qd7+ Kf8 44. g3 1-0

[Event "TOP 16"]
[Site "Guingamp FRA"]
[Date "2010.06.05"]
[Round "10"]
[White "Dumitrache, Dragos"]
[Black "Doettling, Fabian"]
[Result "1/2-1/2"]
[WhiteElo "2467"]
[BlackElo "2571"]
[PlyCount "57"]
[EventDate "2010.03.26"]
[EventType "team"]
[EventRounds "11"]
[EventCountry "FRA"]
[Source "Mark Crowther"]
[SourceDate "2010.06.07"]

1. d4 d5 2. c4 e6 3. Nc3 Be7 4. Nf3 Nf6 5. Bg5 h6 6. Bh4 O-O 7. e3 Ne4 8. Bxe7
Qxe7 9. Rc1 c6 10. Bd3 Nxc3 11. Rxc3 dxc4 12. Bxc4 Nd7 13. O-O b6 14. Bd3 c5
15. Be4 Rb8 16. Qc2 Nf6 17. dxc5 Nxe4 18. Qxe4 bxc5 19. Qc2 Bb7 20. Nd2 Rfd8
21. f3 Ba6 22. Rf2 Rd7 23. g3 Rbd8 24. Kg2 Bd3 25. Qc1 Ba6 26. Qc2 Bd3 27. Qc1
Ba6 28. Qc2 Bd3 29. Qd1 1/2-1/2

[Event "TOP 16"]
[Site "Guingamp FRA"]
[Date "2010.06.05"]
[Round "10"]
[White "Le Roux, Jean Pierre"]
[Black "Vaisser, Anatoli"]
[Result "1-0"]
[WhiteElo "2512"]
[BlackElo "2511"]
[PlyCount "77"]
[EventDate "2010.03.26"]
[EventType "team"]
[EventRounds "11"]
[EventCountry "FRA"]
[Source "Mark Crowther"]
[SourceDate "2010.06.07"]

1. e4 e6 2. d4 d5 3. Nd2 dxe4 4. Nxe4 Nd7 5. Nf3 Ngf6 6. Nxf6+ Nxf6 7. Be3 Nd5
8. Bd2 c5 9. Bb5+ Bd7 10. Bxd7+ Qxd7 11. c4 Nb6 12. Rc1 Be7 13. dxc5 Bxc5 14.
b4 Be7 15. c5 Nd5 16. Ne5 Qc7 17. Qa4+ Kf8 18. Nd3 h5 19. O-O h4 20. h3 g6 21.
b5 Kg7 22. Rfd1 Bf6 23. Nf4 Rhd8 24. Nxd5 Rxd5 25. Be3 Rxd1+ 26. Rxd1 Rd8 27.
Rc1 Rd3 28. Qxa7 Rxe3 29. fxe3 Qg3 30. c6 Bg5 31. Qd4+ Kh7 32. Kh1 Bxe3 33. Qc3
Qf4 34. Rd1 bxc6 35. bxc6 Bb6 36. Qf3 Qe5 37. Qxf7+ Kh6 38. Qf8+ Kg5 39. Qd6
1-0

[Event "TOP 16"]
[Site "Guingamp FRA"]
[Date "2010.06.05"]
[Round "10"]
[White "Kallai, Gabor"]
[Black "Terrieux, Kevin"]
[Result "1/2-1/2"]
[WhiteElo "2444"]
[BlackElo "2423"]
[PlyCount "30"]
[EventDate "2010.03.26"]
[EventType "team"]
[EventRounds "11"]
[EventCountry "FRA"]
[Source "Mark Crowther"]
[SourceDate "2010.06.07"]

1. Nf3 Nf6 2. c4 g6 3. g3 Bg7 4. Bg2 d6 5. d4 O-O 6. O-O Nc6 7. Nc3 Rb8 8. h3
a6 9. e4 e5 10. dxe5 Nxe5 11. c5 Be6 12. cxd6 cxd6 13. Nxe5 dxe5 14. Be3 Rc8
15. Qf3 Qe7 1/2-1/2

[Event "TOP 16"]
[Site "Guingamp FRA"]
[Date "2010.06.05"]
[Round "10"]
[White "Bailet, Pierre"]
[Black "Roos, Daniel"]
[Result "1-0"]
[WhiteElo "2367"]
[BlackElo "2435"]
[PlyCount "83"]
[EventDate "2010.03.26"]
[EventType "team"]
[EventRounds "11"]
[EventCountry "FRA"]
[Source "Mark Crowther"]
[SourceDate "2010.06.07"]

1. e4 c6 2. d4 d5 3. Nc3 dxe4 4. Nxe4 Bf5 5. Ng3 Bg6 6. h4 h6 7. Nf3 Nd7 8. h5
Bh7 9. Bd3 Bxd3 10. Qxd3 e6 11. Bd2 Ngf6 12. O-O-O Qc7 13. Ne4 O-O-O 14. g3 Nc5
15. Nxc5 Bxc5 16. c4 Rhe8 17. Bc3 a6 18. Kb1 Bb6 19. Qc2 Ba5 20. c5 Bxc3 21.
bxc3 Rd5 22. Nd2 e5 23. Nc4 Kb8 24. Nxe5 Rexe5 25. dxe5 Rxe5 26. Qd3 Rd5 27.
Qe3 Re5 28. Qd4 Rd5 29. Qb4 Qe5 30. Rde1 Qf5+ 31. Ka1 Rxc5 32. Rb1 Rb5 33. Qd6+
Ka7 34. Rxb5 axb5 35. Qd4+ Ka6 36. a4 Ne4 37. axb5+ cxb5 38. Re1 Nc5 39. Qd6+
b6 40. Qc6 Ka5 41. Qa8+ Na6 42. Re2 1-0

[Event "TOP 16"]
[Site "Guingamp FRA"]
[Date "2010.06.05"]
[Round "10"]
[White "De Sousa, Jose Claude"]
[Black "Roos, Jean Luc"]
[Result "0-1"]
[WhiteElo "2281"]
[BlackElo "2259"]
[PlyCount "102"]
[EventDate "2010.03.26"]
[EventType "team"]
[EventRounds "11"]
[EventCountry "FRA"]
[Source "Mark Crowther"]
[SourceDate "2010.06.07"]

1. e4 e6 2. d4 d5 3. Nc3 Bb4 4. e5 c5 5. a3 Bxc3+ 6. bxc3 Ne7 7. Qg4 O-O 8. Bd3
f5 9. exf6 Rxf6 10. Bg5 Rf7 11. Qh5 g6 12. Qd1 Nbc6 13. Nf3 c4 14. Be2 Qf8 15.
O-O h6 16. Bc1 Qg7 17. a4 Bd7 18. Ba3 Rd8 19. Bd6 Be8 20. Be5 Qf8 21. h3 g5 22.
Bg3 Ng6 23. Nh2 Nf4 24. Bg4 Re7 25. Re1 Qf6 26. Bf3 Bg6 27. Ng4 Qg7 28. Bxf4
gxf4 29. Ne5 Nxe5 30. Rxe5 Bf5 31. Kh2 Rf7 32. Qd2 Rf6 33. Rg1 Rdf8 34. Ree1
Kh7 35. Kh1 Rg8 36. Kh2 Qg6 37. Qxf4 Bxh3 38. Qh4 Bf5 39. Bd1 Qf7 40. g4 Be4
41. Ref1 Bf3 42. Bxf3 Rxf3 43. Rg2 Rg5 44. Kh1 Qg6 45. Rg3 Qe4 46. Kg1 Kg6 47.
Kh2 Rxg3 48. Kxg3 h5 49. f3 Qe3 50. Kg2 hxg4 51. fxg4 Qe2+ 0-1

[Event "TOP 16"]
[Site "Guingamp FRA"]
[Date "2010.06.05"]
[Round "10"]
[White "Nicoara, Malina"]
[Black "Le Diouron, Aurelie"]
[Result "1/2-1/2"]
[WhiteElo "2151"]
[BlackElo "1956"]
[PlyCount "21"]
[EventDate "2010.03.26"]
[EventType "team"]
[EventRounds "11"]
[EventCountry "FRA"]
[Source "Mark Crowther"]
[SourceDate "2010.06.07"]

1. d4 d5 2. Nf3 c5 3. g3 Nc6 4. Bg2 Nf6 5. O-O e6 6. c3 Be7 7. Nbd2 O-O 8. e3
b5 9. dxc5 Bxc5 10. b4 Be7 11. a4 1/2-1/2

[Event "TOP 16"]
[Site "Guingamp FRA"]
[Date "2010.06.05"]
[Round "10"]
[White "Prie, Eric"]
[Black "Sumets, Andrey"]
[Result "1-0"]
[WhiteElo "2502"]
[BlackElo "2614"]
[PlyCount "51"]
[EventDate "2010.03.26"]
[EventType "team"]
[EventRounds "11"]
[EventCountry "FRA"]
[Source "Mark Crowther"]
[SourceDate "2010.06.07"]

1. d4 d5 2. Bf4 c5 3. e3 e6 4. c3 Nc6 5. Nf3 Bd6 6. Bg3 Nf6 7. Nbd2 Bxg3 8.
hxg3 Qd6 9. Bb5 Bd7 10. Qc2 h6 11. Bxc6 Bxc6 12. Ne5 Nd7 13. Ndf3 Nxe5 14. Nxe5
Qc7 15. f4 cxd4 16. cxd4 Rc8 17. Rc1 Qa5+ 18. Kf2 O-O 19. Qc3 Qb6 20. Qa3 Rfe8
21. Rc3 f6 22. Nf3 a6 23. Rhc1 Qc7 24. b4 Qf7 25. Qa5 Qg6 26. a4 1-0

[Event "TOP 16"]
[Site "Guingamp FRA"]
[Date "2010.06.05"]
[Round "10"]
[White "Vernay, Clovis"]
[Black "Sarthou, Gaetan"]
[Result "1-0"]
[WhiteElo "2440"]
[BlackElo "2386"]
[PlyCount "41"]
[EventDate "2010.03.26"]
[EventType "team"]
[EventRounds "11"]
[EventCountry "FRA"]
[Source "Mark Crowther"]
[SourceDate "2010.06.07"]

1. d4 d5 2. c4 c6 3. e3 Nf6 4. Nf3 a6 5. Bd3 e6 6. O-O dxc4 7. Bxc4 c5 8. Qe2
cxd4 9. Rd1 b5 10. Bb3 Bb7 11. Nxd4 Nbd7 12. e4 Qb6 13. e5 Nd5 14. Nc3 Nxc3 15.
bxc3 g6 16. a4 Nc5 17. Bc2 bxa4 18. Qc4 Bc8 19. Rb1 Qc7 20. Bxa4+ Bd7 21. Nxe6
1-0

[Event "TOP 16"]
[Site "Guingamp FRA"]
[Date "2010.06.05"]
[Round "10"]
[White "Shafiei, A."]
[Black "Benitah, Yohan"]
[Result "0-1"]
[WhiteElo "2221"]
[BlackElo "2377"]
[PlyCount "98"]
[EventDate "2010.03.26"]
[EventType "team"]
[EventRounds "11"]
[EventCountry "FRA"]
[Source "Mark Crowther"]
[SourceDate "2010.06.07"]

1. d4 Nf6 2. c4 e6 3. Nc3 Bb4 4. e3 O-O 5. Nge2 d5 6. a3 Be7 7. cxd5 exd5 8.
Nf4 c6 9. Bd3 Bd6 10. O-O Re8 11. Qc2 Nbd7 12. b4 a6 13. Rb1 Nf8 14. a4 Ng6 15.
Nxg6 hxg6 16. Ne2 Bd7 17. b5 axb5 18. axb5 Ng4 19. h3 Qh4 20. bxc6 bxc6 21. Nf4
Nf6 22. g3 Qh6 23. h4 Bxf4 24. exf4 Bh3 25. Rd1 Qh5 26. Bd2 Qf3 27. Bf1 Bf5 28.
Qc3 Qxc3 29. Bxc3 Bxb1 30. Rxb1 Ne4 31. Be1 Ra2 32. Bd3 Nd2 33. Bxd2 Rxd2 34.
Rb3 Ra8 35. Kg2 Raa2 36. Kf3 Rxf2+ 37. Ke3 Rg2 38. Kf3 Raf2+ 39. Ke3 Rb2 40.
Rxb2 Rxb2 41. f5 gxf5 42. Bxf5 Rb3+ 43. Kf4 Kf8 44. g4 Ke7 45. h5 Rb4 46. g5
Rxd4+ 47. Kg3 c5 48. h6 gxh6 49. gxh6 Kf6 0-1

[Event "TOP 16"]
[Site "Guingamp FRA"]
[Date "2010.06.05"]
[Round "10"]
[White "Alonso Moyano, Jonathan"]
[Black "Buscara, Sevan"]
[Result "0-1"]
[WhiteElo "2365"]
[BlackElo "2238"]
[PlyCount "82"]
[EventDate "2010.03.26"]
[EventType "team"]
[EventRounds "11"]
[EventCountry "FRA"]
[Source "Mark Crowther"]
[SourceDate "2010.06.07"]

1. e4 d5 2. exd5 Qxd5 3. Nc3 Qa5 4. d4 Nf6 5. Nf3 Bf5 6. Ne5 c6 7. Nc4 Qd8 8.
Bf4 e6 9. Be2 Be7 10. O-O O-O 11. Bf3 Na6 12. a3 Nc7 13. Bg3 Ncd5 14. Qe2 Nxc3
15. bxc3 Nd5 16. Bxd5 cxd5 17. Ne3 Bg6 18. Rfb1 b6 19. Rd1 Rc8 20. c4 dxc4 21.
Nxc4 Qd5 22. Ne3 Qa5 23. c4 Qa4 24. Be5 Rfd8 25. Qb2 Bg5 26. Qb4 Qxb4 27. axb4
Bxe3 28. fxe3 Rxc4 29. Rxa7 Rxb4 30. Rc1 h5 31. h4 Rb3 32. Bf4 b5 33. Rcc7 Rb1+
34. Kh2 b4 35. Bd6 b3 36. Rd7 Rc8 37. Bc5 Rb2 38. Ra3 Bc2 39. Raa7 Be4 40. Rxf7
Rxg2+ 41. Kh3 b2 0-1

[Event "TOP 16"]
[Site "Guingamp FRA"]
[Date "2010.06.05"]
[Round "10"]
[White "Alcaraz Ortega, Javier"]
[Black "Miralles, Gilles"]
[Result "1/2-1/2"]
[WhiteElo "2235"]
[BlackElo "2469"]
[PlyCount "30"]
[EventDate "2010.03.26"]
[EventType "team"]
[EventRounds "11"]
[EventCountry "FRA"]
[Source "Mark Crowther"]
[SourceDate "2010.06.07"]

1. d4 d5 2. Bf4 Nc6 3. Nf3 Bg4 4. Nbd2 e6 5. e3 Bd6 6. c3 Nge7 7. Bxd6 cxd6 8.
Be2 O-O 9. O-O h6 10. c4 dxc4 11. Nxc4 b5 12. Ncd2 Rb8 13. Rc1 Qa5 14. Ne1 Bxe2
15. Qxe2 Rfc8 1/2-1/2

[Event "TOP 16"]
[Site "Guingamp FRA"]
[Date "2010.06.05"]
[Round "10"]
[White "Doncea, Vladimir"]
[Black "Touzane, Olivier"]
[Result "1-0"]
[WhiteElo "2475"]
[BlackElo "2287"]
[PlyCount "81"]
[EventDate "2010.03.26"]
[EventType "team"]
[EventRounds "11"]
[EventCountry "FRA"]
[Source "Mark Crowther"]
[SourceDate "2010.06.07"]

1. c4 g6 2. g3 Bg7 3. Bg2 d6 4. Nc3 e5 5. e4 Nc6 6. Nge2 f5 7. d3 Nf6 8. O-O
O-O 9. Nd5 Nxd5 10. exd5 Nd4 11. Nxd4 exd4 12. b4 Bd7 13. a4 Qf6 14. h4 h6 15.
a5 a6 16. Bd2 Rae8 17. Qc1 Kh7 18. Rb1 c6 19. Bf4 cxd5 20. Bxd5 Bc6 21. Bxc6
bxc6 22. b5 cxb5 23. cxb5 axb5 24. Rxb5 Rc8 25. Qd2 Rc6 26. Rc1 Rc3 27. Ra1 Ra8
28. Rb7 Qd8 29. Bxh6 Rc7 30. Bxg7 Rxg7 31. Rxg7+ Kxg7 32. Qb4 Kh7 33. Qb7+ Kh6
34. a6 f4 35. a7 fxg3 36. fxg3 Qe8 37. Kh1 g5 38. hxg5+ Kh5 39. Qf3+ Kg6 40.
Kg2 Qe5 41. Qxa8 1-0

[Event "TOP 16"]
[Site "Guingamp FRA"]
[Date "2010.06.05"]
[Round "10"]
[White "Domenech, Vianney"]
[Black "Renaze, Luc"]
[Result "1-0"]
[WhiteElo "2050"]
[BlackElo "2304"]
[PlyCount "71"]
[EventDate "2010.03.26"]
[EventType "team"]
[EventRounds "11"]
[EventCountry "FRA"]
[Source "Mark Crowther"]
[SourceDate "2010.06.07"]

1. d4 Nf6 2. Bf4 g6 3. e3 Bg7 4. Nf3 O-O 5. Be2 c5 6. c3 Qb6 7. Qb3 Qxb3 8.
axb3 cxd4 9. exd4 d6 10. O-O Nc6 11. b4 e5 12. dxe5 Nd5 13. Bg3 Nxe5 14. Rd1
Nb6 15. Na3 Be6 16. Rxd6 Nxf3+ 17. Bxf3 Na4 18. Nb5 Nxb2 19. Bxb7 Rad8 20. Rxa7
Nd1 21. Ra3 Bc4 22. Nd4 Rde8 23. h4 Re1+ 24. Kh2 Rf1 25. Bd5 Nxf2 26. Bxf2 Be5+
27. Bg3 Bxd6 28. Bxc4 Bxg3+ 29. Kxg3 Rc1 30. Bd5 Kg7 31. c4 h5 32. Ra7 Rc3+ 33.
Kh2 Kf6 34. b5 Rd3 35. Nf3 Rb3 36. Ng5 1-0

[Event "TOP 16"]
[Site "Guingamp FRA"]
[Date "2010.06.05"]
[Round "10"]
[White "Batteau, Valerie"]
[Black "Bannwarth, Frederique"]
[Result "1-0"]
[WhiteElo "1906"]
[BlackElo "1849"]
[PlyCount "115"]
[EventDate "2010.03.26"]
[EventType "team"]
[EventRounds "11"]
[EventCountry "FRA"]
[Source "Mark Crowther"]
[SourceDate "2010.06.07"]

1. e4 e5 2. Nf3 Nc6 3. Bc4 Bc5 4. c3 Nf6 5. d3 d6 6. h3 a6 7. O-O Ba7 8. Bb3 h6
9. Re1 O-O 10. d4 Re8 11. Bc2 Nd7 12. Be3 Ne7 13. Nbd2 Ng6 14. Nf1 Qf6 15. Ng3
Ndf8 16. Nh5 Qe7 17. Qd2 Kh7 18. Ng3 Qf6 19. Nf5 Ne7 20. Nh2 Nxf5 21. Ng4 Qg6
22. exf5 Bxf5 23. Bxf5 Qxf5 24. Bxh6 Re6 25. Be3 e4 26. d5 Ree8 27. Bxa7 Rxa7
28. Qd4 Raa8 29. Re3 Qg6 30. Rg3 Qf5 31. Re1 Ng6 32. Rge3 Qd7 33. c4 f5 34. Nh2
Ne5 35. b3 Qe7 36. Nf1 Qf6 37. Qd1 Qg6 38. Rg3 Qf7 39. Rg5 Nd3 40. Re2 Qf6 41.
h4 Re5 42. Ng3 g6 43. Qd2 Rg8 44. h5 Rg7 45. hxg6+ Rxg6 46. Rh5+ Kg7 47. Rh3
Qg5 48. Qxg5 Rxg5 49. Rd2 Nf4 50. Rh4 Rg4 51. Nxf5+ Kf6 52. Rxg4 Kxf5 53. Rg7
Kf6 54. Rxc7 Re7 55. Rxe7 Kxe7 56. Rd1 Ne2+ 57. Kf1 Nc3 58. Rd2 1-0

[Event "TOP 16"]
[Site "Guingamp FRA"]
[Date "2010.06.05"]
[Round "10"]
[White "Komarov, Dimitri"]
[Black "Kazhgaleyev, Murtas"]
[Result "1/2-1/2"]
[WhiteElo "2523"]
[BlackElo "2637"]
[PlyCount "27"]
[EventDate "2010.03.26"]
[EventType "team"]
[EventRounds "11"]
[EventCountry "FRA"]
[Source "Mark Crowther"]
[SourceDate "2010.06.07"]

1. d4 d5 2. c4 c6 3. Nc3 Nf6 4. Nf3 e6 5. Bg5 Be7 6. e3 h6 7. Bh4 O-O 8. Rc1
Nbd7 9. Bd3 dxc4 10. Bxc4 b5 11. Bd3 Bb7 12. O-O a6 13. Bxf6 Nxf6 14. Ne4
1/2-1/2

[Event "TOP 16"]
[Site "Guingamp FRA"]
[Date "2010.06.05"]
[Round "10"]
[White "Legky, Nikolay A"]
[Black "Lahno, Kateryna"]
[Result "0-1"]
[WhiteElo "2428"]
[BlackElo "2518"]
[PlyCount "80"]
[EventDate "2010.03.26"]
[EventType "team"]
[EventRounds "11"]
[EventCountry "FRA"]
[Source "Mark Crowther"]
[SourceDate "2010.06.07"]

1. d4 Nf6 2. Nf3 g6 3. Nc3 d5 4. Bf4 Bg7 5. e3 O-O 6. Be2 c6 7. O-O Bg4 8. h3
Bxf3 9. Bxf3 Nbd7 10. Re1 Re8 11. e4 dxe4 12. Nxe4 Nxe4 13. Rxe4 e5 14. dxe5
Nxe5 15. Be2 Qb6 16. Rb1 Re6 17. Be3 Qa5 18. f4 Ng4 19. Rxe6 Nxe3 20. Qd7 fxe6
21. Qxe6+ Kh8 22. Qxe3 Qxa2 23. Rd1 Qxb2 24. Rd7 a5 25. Qe7 Rf8 26. Kh2 Qf6 27.
Qxf6 Rxf6 28. Rxb7 Rxf4 29. Rb8+ Bf8 30. Bf3 Kg7 31. Rb7+ Kh6 32. Bxc6 Rc4 33.
Bd5 Bd6+ 34. Kg1 Rxc2 35. g4 Kg5 36. Rxh7 a4 37. Rh8 a3 38. Ra8 Kh4 39. Ra6 Kg3
40. Kf1 Rf2+ 0-1

[Event "TOP 16"]
[Site "Guingamp FRA"]
[Date "2010.06.05"]
[Round "10"]
[White "Govciyan, Pavel"]
[Black "Lazarev, Vladimir"]
[Result "1/2-1/2"]
[WhiteElo "2430"]
[BlackElo "2468"]
[PlyCount "34"]
[EventDate "2010.03.26"]
[EventType "team"]
[EventRounds "11"]
[EventCountry "FRA"]
[Source "Mark Crowther"]
[SourceDate "2010.06.07"]

1. d4 Nf6 2. c4 e6 3. g3 d5 4. Nf3 Bb4+ 5. Bd2 Be7 6. Bg2 O-O 7. O-O c6 8. Qc2
Nbd7 9. Bf4 a5 10. Rd1 Nh5 11. Bc1 Nhf6 12. Nbd2 b6 13. e4 Bb7 14. e5 Ne8 15.
Nf1 Rc8 16. h4 h6 17. Ne3 c5 1/2-1/2

[Event "TOP 16"]
[Site "Guingamp FRA"]
[Date "2010.06.05"]
[Round "10"]
[White "Todorov, Todor"]
[Black "Guidarelli, Laurent"]
[Result "1/2-1/2"]
[WhiteElo "2493"]
[BlackElo "2433"]
[PlyCount "49"]
[EventDate "2010.03.26"]
[EventType "team"]
[EventRounds "11"]
[EventCountry "FRA"]
[Source "Mark Crowther"]
[SourceDate "2010.06.07"]

1. e4 c5 2. f4 e6 3. Nf3 d5 4. Nc3 Nf6 5. Bb5+ Bd7 6. Bxd7+ Qxd7 7. Qe2 dxe4 8.
Ne5 Qc7 9. Nxe4 Nxe4 10. Qxe4 Bd6 11. b3 Bxe5 12. fxe5 Nc6 13. Bb2 O-O-O 14.
O-O-O Ne7 15. Rhf1 Nf5 16. Rf3 h5 17. Rdf1 Qd7 18. Bc3 Qd5 19. Qa4 Kb8 20. R1f2
Qd7 21. Qc4 Qd5 22. Qf1 Rd7 23. a4 Rhd8 24. Rf4 b6 25. Rc4 1/2-1/2

[Event "TOP 16"]
[Site "Guingamp FRA"]
[Date "2010.06.05"]
[Round "10"]
[White "Giffard, Nicolas"]
[Black "Bensdorp, Marlies"]
[Result "1/2-1/2"]
[WhiteElo "2361"]
[BlackElo "2289"]
[PlyCount "62"]
[EventDate "2010.03.26"]
[EventType "team"]
[EventRounds "11"]
[EventCountry "FRA"]
[Source "Mark Crowther"]
[SourceDate "2010.06.07"]

1. d4 d5 2. c4 c6 3. Nf3 Nf6 4. e3 Bg4 5. Nc3 e6 6. h3 Bxf3 7. Qxf3 Nbd7 8. Qd1
Bd6 9. Qb3 Qc7 10. c5 Be7 11. Be2 e5 12. O-O O-O 13. Qc2 Rfe8 14. Bf3 exd4 15.
exd4 Nf8 16. Rd1 Ne6 17. Be3 Nd7 18. b4 Bf6 19. Rab1 a6 20. Qd2 Ndf8 21. Ne2
Re7 22. Ng3 g6 23. a4 h5 24. Ne2 Nh7 25. Nc3 Qd7 26. Be2 Rae8 27. Bf1 Ng7 28.
Bd3 Nf5 29. Bxf5 Qxf5 30. Qd3 Qd7 31. Qd2 Qf5 1/2-1/2